Britannic quiz - Statistics

General Stats
  • This quiz has been taken 13 times
  • The average score is 5 of 27
Answer Stats
Hint Answer % Correct
Full name of the ship HMHS Britannic
88%
City in which it was built in Belfast
50%
Which company built it? Harland and Wolff
50%
Port of registry Liverpool
50%
Owner of the ship White starline
50%
Yard number 433
38%
The britannic could float with how many flooded 6
38%
The britannic was deported in how many compartments 16
25%
How many people survived the sinking 1.036
13%
Date of the sinking 21 November 1916
13%
Max speed of the ship(knots) 23 Knots
13%
What was the highest they went up too B-deck
13%
Cause of the sinking Seamine
13%
Completion date 12 December 1915
0%
Length of the ship(m) 269.1M
0%
Launch date 26 Febuary 1914
0%
Capacity of the ship 3309
0%
When was the wreck found 3 December 1975
0%
Amount of lifeboats 48
0%
Gross tonnage of the ship 48,158
0%
Time of the Britannic hitting the mine 8:15am
0%
Time of it's sinking 9:07am
0%
Captain of the Britannic Charles Bartlett
0%
Who found it Jacques Cousteau
0%
Where did It sink Near the greek island of kea
0%
When did construction start? November 30 1911
0%
Chief officer of the Britannic Robert Hume
0%
No matching quizzes found
Score Distribution
Percent of People with Each Score
Percentile by Number Answered
Your Score History
You have not taken this quiz